000 00711nam a2200241 i 4500
001 20191
003 BD-RjUL
005 20211209000531.0
008 140227m19601953usud 00100 eng d
035 _a(BD-RjUL)20253
040 _aBD-RjUL
_beng
_cBD-RjUL
_dBD-RjUL
041 _aeng
082 _a332.678
_bBAP 1960
100 1 _aBain, Joe Staten.
_962225
245 0 0 _aPricing, distribution, and employment :
_beconomics of an enterprise system /
_c Joe S. Bain
250 _aRev. ed.
260 _aNew York :
_bHolt, Rinehart and Winston,
_cc1953,1960
300 _axvii, 732p. :
_bdiagrs.
_c24 cm.
650 0 _aInvestments.
_962226
650 0 _aIncome.
_962227
942 _2ddc
_cBK
999 _c20191
_d20191